| 000 | 00575nam a2200205 i 4500 | ||
|---|---|---|---|
| 001 | 39019 | ||
| 003 | ES-MaACL | ||
| 005 | 20260210162431.0 | ||
| 007 | t| | ||
| 008 | 030227s1920 fr ||||1| fre d | ||
| 100 | 1 |
_aBussard, Leon. _932853 |
|
| 245 | 1 | 0 |
_aCulture potagere et culture maraichere / _cLeon Bussard. |
| 250 | _a4eme ed. | ||
| 260 |
_a[S.l. : _bs.n., _c1920] ( _eCorbeil : _fCrété) |
||
| 300 |
_a524 p. ; _c19 cm. |
||
| 490 | 1 | _aEncyclopédie agricole | |
| 830 | 0 |
_aEncyclopédie agricole _9180885 |
|
| 852 |
_aES-MaACL _jD-3649 |
||
| 999 |
_c39019 _d39019 |
||